000 02766cam a2200169 4500500
005 20260405085551.0
041 _afre
042 _adc
100 1 0 _aDubresson, Alain
_eauthor
700 1 0 _aMoreau, Sophie
_eauthor
700 1 0 _aRaison, Jean-Pierre
_eauthor
700 1 0 _aSteck, Jean-Fabien
_eauthor
245 0 0 _aL'Afrique subsaharienne : Une géographie du changement
260 _bArmand Colin,
_c2011.
520 _aAu début des années 1980, l’Afrique subsaharienne était considérée comme sinistrée par les institutions et les bailleurs de fonds internationaux. Avec le retour de la croissance dans la décennie 2000, le nouveau positionnement stratégique, dont l’arrivée de puissants acteurs asiatiques (Chine et Inde) est une composante, et l’ouverture aux technologies de la communication, un vent d’optimisme souffle. Le continent noir fait aujourd’hui figure de nouvelle frontière, de continent des possibles en dépit d’incertitudes persistantes. La question posée dans cet ouvrage est celle de la bifurcation : vingt années de crises enchevêtrées suivies d’une décennie de croissance économique soutenue ont-elles transformé l’Afrique subsaharienne au point de la sortir du « sentier de dépendance » antérieur ? L’accent est mis sur les structures politico-économiques et l’osmose de long cours entre accumulation rentière et nature des pouvoirs d’État, dont les incidences sont considérables sur les organisations sociales et spatiales africaines. Celles-ci procèdent aussi du foisonnement de multiples encadrements, en particulier religieux, stimulés par la mise en contact direct du global et du local. Rebond économique et bouillonnements sociaux sont inscrits dans une tendance démographique lourde : la population devrait atteindre 1,2 milliard d’habitants en 2025, sans doute 1,8 en 2050. La densification consécutive du peuplement est accompagnée de mutations rurales, discrètes mais réelles, et d’une spectaculaire transformation urbaine. De ces changements sont issues des peurs et des interrogations environnementales ainsi que des recompositions spatiales à toutes échelles. De plus en plus différenciée et plurielle, l’Afrique subsaharienne est en mouvement, mais demeure ambiguë. Alain DUBRESSON est professeur à l’université Paris Ouest-Nanterre-La Défense. Sophie MOREAU est maître de conférences à l’université Paris Est-Marne-la-Vallée. Jean-Pierre RAISON est professeur émérite à l’université Paris Ouest-Nanterre-La Défense. Jean-Fabien STECK est maître de conférences à l’université Paris Ouest-Nanterre-La Défense.
856 4 1 _uhttps://shs.cairn.info/l-afrique-subsaharienne--9782200272760?lang=fr&redirect-ssocas=7080
999 _c2198601
_d2198601